<?xml version="1.0" encoding="UTF-8"?>
<collection xmlns="http://www.loc.gov/MARC21/slim">
  <record>
    <leader>00000nam  2200000   4500</leader>
    <controlfield tag="001">INLIS000000000016678</controlfield>
    <controlfield tag="005">20231227105254</controlfield>
    <datafield tag="035" ind1="#" ind2="#">
      <subfield code="a">0010-1223000115</subfield>
    </datafield>
    <controlfield tag="007">ta</controlfield>
    <controlfield tag="008">231227################g##########0#ind##</controlfield>
    <datafield tag="020" ind1="#" ind2="#">
      <subfield code="a">978-979-076-186-5</subfield>
    </datafield>
    <datafield tag="082" ind1="#" ind2="#">
      <subfield code="a">001.42</subfield>
    </datafield>
    <datafield tag="084" ind1="#" ind2="#">
      <subfield code="a">001.42 MAM d</subfield>
    </datafield>
    <datafield tag="100" ind1=" " ind2="#">
      <subfield code="a">Maman Abdurahman</subfield>
    </datafield>
    <datafield tag="245" ind1="1" ind2="#">
      <subfield code="a">Dasar-dasar Metode Statistika untuk Penelitian /</subfield>
      <subfield code="c">Maman Abdurahman, Sambas Ali Muhidin, Ating Somantri</subfield>
    </datafield>
    <datafield tag="250" ind1="#" ind2="#">
      <subfield code="a">Cetakan 2</subfield>
    </datafield>
    <datafield tag="260" ind1="#" ind2="#">
      <subfield code="a">Bandung :</subfield>
      <subfield code="b">Pustaka Setia,</subfield>
      <subfield code="c">2017</subfield>
    </datafield>
    <datafield tag="300" ind1="#" ind2="#">
      <subfield code="a">352 halaman :</subfield>
      <subfield code="b">ilus ;</subfield>
      <subfield code="c">23.5 cm</subfield>
    </datafield>
    <datafield tag="650" ind1="#" ind2="4">
      <subfield code="a">metode penelitian ilmiah</subfield>
    </datafield>
    <datafield tag="700" ind1=" " ind2="#">
      <subfield code="a">Sambas Ali Muhidin</subfield>
    </datafield>
    <datafield tag="700" ind1=" " ind2="#">
      <subfield code="a">Ating Somantri</subfield>
    </datafield>
    <datafield tag="520" ind1="#" ind2="#">
      <subfield code="a">Metode Statistika merupakan salah satu alat yang digunakan dalam penelitian, khususnya untuk mengolah, menyajiakan dan menganalisis data, serta menguji hipotesis. Oleh karena itu, bagi seseorang yang melaksanakan penelitian, terutama penelitian dengan pendekatan kuantitatif, penguasaan akan metode statistika menjadi hal mutlak yang harus dikuasai dan dipahami. Statistika dalam penelitian pendekatan kuantitatfi merupakan salah satu komponen utama dalam tahapan penelitian, mulai dari persiapan penelitian, teknik pengambilan data, pengolahan data, pengolahan data sampai pada upaya membuat keputusan atau kesimpulan secara ilmiah. Dengan demikian statistika dalam penelitian dengan pendekatan kuantitatif memiliki peranan yang cukup dominan dalam mempelancar pencapaian tujuan penelitian. Berkaitan dengan hal tersebut maka penulis menyusun buku ini dengan harapan dapat membantu para peneliti atau mahasiswa agar dapatt belajar lebih mudah dan efisien dalam memahami dan menerapkan metode statistika dalam penelitian secara praktis.</subfield>
    </datafield>
    <datafield tag="990" ind1="#" ind2="#">
      <subfield code="a">210519531</subfield>
    </datafield>
  </record>
</collection>
